| 000 | 01155nam0a22002531 4500 | ||
|---|---|---|---|
| 001 | rc\2993999 | ||
| 005 | 20110916134609.4 | ||
| 035 | _a(NLR Aleph) 007137847 | ||
| 090 |
_a7025078 _c7025078 |
||
| 100 | _a20080618d1936 |||y0rusy50 ca | ||
| 101 | 0 | _arus | |
| 102 | _aRU | ||
| 105 | _aa z ||||y | ||
| 200 | 1 |
_aРуководство по уходу за комбинированной протравливающей машиной АБ-2 производства завода "Вулкан" _fСост. старш. науч. сотрудник П.Г. Давыдов _gПод ред. проф. И.Л. Яценко _gНаркомзем СССР. ВИЗР. Сектор механизации |
|
| 210 |
_aМосква _cизд-во Наркомзема СССР _d1936 _g8 тип. "Мособлполиграф" |
||
| 215 |
_a35 с. _cил. _d19х13 см |
||
| 700 | 1 |
_aДавыдов _bП. Г. _f1907- _gПетр Георгиевич |
|
| 702 | 1 |
_aЯценко _bИ. Л. _4340 |
|
| 712 | 0 | 2 |
_a"Вулкан", завод _cЛенинград _4570 |
| 801 | 0 |
_aRU _bNLR _gpsbo |
|
| 801 | 1 |
_aRU _bELAR _2rusmarc |
|
| 852 |
_aNLR _j36-10/3668 |
||
| 942 | _cBOOK | ||
| 980 | _aNB | ||